000 00798 a2200205 4500
999 _c8494
_d8494
010 _aENG-88484 B-430946
020 _a0195679296
_c695.00
035 _aEN-72017 B-430946
037 _bDBAD / PUB
037 _bAllied Pub/Ven
082 1 4 _a320.95441
100 1 _aMasselos, Jim
245 1 _aThe city in action:
_cby Jim Masselos
_bBombay struggles for power/
260 _aNew Delhi
_bOxford University Press
_c2007
270 _aYMCA Library Building, Jai Singh Road
_bNew Delhi
_e110 001
300 _aviii, 414p.
_c22cm (Hb )
500 _aIncludes bibliographical references and index
942 _adpl
_cEN
_2ddc
_h320.95441
_mMAS